000 00629cab a2200217 4500
001 WB2702-20
008 090401t1991 xxu||||| |||| 00| 0 eng d
035 _a(Sirsi) u70053
041 _aeng
245 _aChanges to Scottish SPZs
260 _c1991
350 _a0
490 _aScottish Office
_v4 January 1991 2 pages
520 _aThe Government is to go ahead with plans to simplify the procedures for designating SPZs in Scotland .
650 _aINNER CITIES
650 _aPLANNING AND COMPENSATION BILL
650 _aURBAN RENEWAL
690 _aPLANNING LAW AND PRACTICE
942 _n0
948 _c04/03/1997
999 _c44067
_d44067